Cities in Alberta - Statistics

General Stats
  • This quiz has been taken 30 times
  • The average score is 10 of 15
Answer Stats
Area Answer % Correct
Central Edmonton
100%
South Calgary
95%
South Red Deer
86%
South Lethbridge
82%
South Medicine Hat
82%
Central Leduc
73%
North Fort Mcmurray
68%
North Grande Prairie
68%
East Lloydminster
64%
Central St. Albert
55%
South Banff
50%
Central Sherwood Park
45%
Central Fort Saskatchewan
41%
West Jasper
41%
Central Athbasca
5%
No matching quizzes found
Score Distribution
Percent of People with Each Score
Percentile by Number Answered
Your Score History
You have not taken this quiz